Oceňovanie majetku a záväzkov pre potreby zostavenia účtovnej závierky podľa IAS diplomová práca

Guardado en:
Detalles Bibliográficos
Autor principal: Peklanská, Mária
Autor Corporativo: Podnikovohospodárska fakulta EU so sídlom v Košiciach. Katedra účtovníctva a financií
Otros Autores: Manová, Eva, 1957-
Formato: Libro
Lenguaje:eslovaco
Publicado: Košice 2009
Etiquetas: Agregar Etiqueta
Sin Etiquetas, Sea el primero en etiquetar este registro!

MARC

LEADER 00000nam$a2200000$$$4500
001 0098659
005 20240320075231.0
041 0 |a slo 
044 |a SK 
245 1 0 |a Oceňovanie majetku a záväzkov pre potreby zostavenia účtovnej závierky podľa IAS  |b diplomová práca  |c Mária Peklanská ; škol. Eva Manová 
264 1 |a Košice  |c 2009 
300 |a 69 s. 
100 1 |a Peklanská, Mária 
700 1 |a Manová, Eva, 1957- 
710 2 |a Podnikovohospodárska fakulta EU so sídlom v Košiciach. Katedra účtovníctva a financií